| 000 | 00490nam a2200181Ia 4500 | ||
|---|---|---|---|
| 005 | 20250508163502.0 | ||
| 008 | 008 250505s9999 xx 000 0 eng d | ||
| 037 | _aBooks to be hide in OPAC | ||
| 040 |
_aFEDL _beng _cFEDL |
||
| 041 |
_aeng _2eng |
||
| 084 |
_a378.54, UGC/O _qFEDL |
||
| 245 | 0 | _aVishwavidhylaya anudan ayog : Varshik report 1984-85 | |
| 245 | 0 | _cU G C | |
| 260 | _c1956 | ||
| 300 | _a185p. | ||
| 942 |
_cHB _h378.54, UGC/O |
||
| 999 |
_c1383619 _d1383619 |
||